A Preliminary National Survey of Accessible Features of Churches in the United States

Religious congregations have been inconsistent in their accessibility to and support of people with disabilities. Limited research has addressed the practices of churches in this area of inclusion. The purpose of this preliminary study was to better understand the landscape of congregational accessi...

Full description

Saved in:  
Bibliographic Details
Authors: Stewart-Ginsburg, Jared H. (Author) ; Carter, Erik William (Author) ; Ault, Melinda J. (Author) ; Tanner, Allison (Author) ; Becker, Caroline (Author)
Format: Electronic Article
Language:English
Check availability: HBZ Gateway
Interlibrary Loan:Interlibrary Loan for the Fachinformationsdienste (Specialized Information Services in Germany)
Published: 2024
In: Review of religious research
Year: 2024, Volume: 66, Issue: 4, Pages: 631-648
Further subjects:B Inclusion
B Accessibility
B Disabilities
B Religious Organizations
Online Access: Volltext (lizenzpflichtig)

MARC

LEADER 00000naa a22000002c 4500
001 1920729860
003 DE-627
005 20250327152742.0
007 cr uuu---uuuuu
008 250327s2024 xx |||||o 00| ||eng c
024 7 |a 10.1177/0034673X241268649  |2 doi 
035 |a (DE-627)1920729860 
035 |a (DE-599)KXP1920729860 
040 |a DE-627  |b ger  |c DE-627  |e rda 
041 |a eng 
084 |a 0  |2 ssgn 
100 1 |a Stewart-Ginsburg, Jared H.  |e VerfasserIn  |0 (orcid)0000-0001-5424-7189  |4 aut 
245 1 2 |a A Preliminary National Survey of Accessible Features of Churches in the United States 
264 1 |c 2024 
336 |a Text  |b txt  |2 rdacontent 
337 |a Computermedien  |b c  |2 rdamedia 
338 |a Online-Ressource  |b cr  |2 rdacarrier 
520 |a Religious congregations have been inconsistent in their accessibility to and support of people with disabilities. Limited research has addressed the practices of churches in this area of inclusion. The purpose of this preliminary study was to better understand the landscape of congregational accessibility and explore the accessibility features presently offered in congregations. We randomly surveyed Christian churches in the United States. We analyzed responses from 127 churches using descriptive, correlational, and inferential statistics to determine which accessible features were reported more or less often and how congregational demographics mediated the number and type of accessibility features. Although most congregations offered multiple accessibility features, offerings varied widely. Streaming services, accessible seating, adequate lighting for people with low vision, and gluten-free eucharist elements were the features most commonly offered. Few congregations offered features that conveyed broader efforts to address accessibility. Most respondents indicated that multiple people with varied disabilities participated in their church, though frequency varied widely across types of disabilities. This study provides an initial glimpse into the accessibility practices of Christian churches in the United States. These findings highlight areas of potential reflection and response for churches aiming to support the full participation of people with disabilities. 
650 4 |a Accessibility 
650 4 |a Disabilities 
650 4 |a Inclusion 
650 4 |a Religious Organizations 
700 1 |a Carter, Erik William  |e VerfasserIn  |0 (orcid)0000-0001-7153-2782  |4 aut 
700 1 |a Ault, Melinda J.  |e VerfasserIn  |4 aut 
700 1 |a Tanner, Allison  |e VerfasserIn  |4 aut 
700 1 |a Becker, Caroline  |e VerfasserIn  |4 aut 
773 0 8 |i Enthalten in  |t Review of religious research  |d London : Sage Publications, 1959  |g 66(2024), 4, Seite 631-648  |h Online-Ressource  |w (DE-627)362776326  |w (DE-600)2100833-4  |w (DE-576)257192638  |x 2211-4866  |7 nnas 
773 1 8 |g volume:66  |g year:2024  |g number:4  |g pages:631-648 
856 4 0 |u https://doi.org/10.1177/0034673X241268649  |x Resolving-System  |z lizenzpflichtig  |3 Volltext  |7 1 
951 |a AR 
ELC |a 1 
ITA |a 1  |t 1 
LOK |0 000 xxxxxcx a22 zn 4500 
LOK |0 001 469470723X 
LOK |0 003 DE-627 
LOK |0 004 1920729860 
LOK |0 005 20250327152742 
LOK |0 008 250327||||||||||||||||ger||||||| 
LOK |0 040   |a DE-Tue135  |c DE-627  |d DE-Tue135 
LOK |0 092   |o n 
LOK |0 852   |a DE-Tue135 
LOK |0 852 1  |9 00 
LOK |0 935   |a ixzs  |a ixzo 
LOK |0 939   |a 27-03-25  |b l01 
ORI |a SA-MARC-ixtheoa001.raw 
REL |a 1 
SUB |a REL